Score 0/11 Timer 07:00
0 Plays Today
Question Answer Wrong Answers
Seattle is FARTHEST in latitude from which European city? Athens
85.3%
Paris
0%
Brussels
5.9%
Budapest
8.8%
Beijing is FARTHEST in latitude from which city? Havana
70.6%
Bucharest
5.9%
Toronto
11.8%
Cairo
5.9%
Which country extends furthest south? Australia
64.7%
South Africa
11.8%
Uruguay
8.8%
Fiji
2.9%
Houston is closest in latitude to which city? Cairo
61.8%
Istanbul
17.6%
Jakarta
11.8%
Guangzhou
8.8%
Which country extends farthest north? China
61.8%
Romania
14.7%
Slovakia
14.7%
Uzbekistan
0%
Sydney is closest is latitude to which city? Buenos Aires
58.8%
Lima
11.8%
Luanda
11.8%
Wellington
14.7%
Chicago is on the same latitude as parts of all of these countries EXCEPT? Hungary
52.9%
Italy
14.7%
Spain
17.6%
China
8.8%
Which city is furthest south? Jakarta
52.9%
Lagos
8.8%
Caracas
8.8%
Nairobi
17.6%
Manila is on the same latitude as part of which country? Chad
50%
Peru
23.5%
Afghanistan
5.9%
Syria
11.8%
Tehran is closest in latitude to which city? Atlanta
47.1%
Manila
0%
Mexico City
26.5%
Rome
23.5%
Osaka is closest in latitude to which city? Hiroshima
32.4%
Fukushima
5.9%
Tokyo
47.1%
Nagasaki
14.7%

You're not logged in!

Compare scores with friends on all Sporcle quizzes.
OR
Log In

From the Vault

Click a Name, Make a Word II

by SporcleEXP

Just because your name makes up part of a word does not mean that you can describe yourself using that word.
Remove Ads.
Support Sporcle.
Get the best of Sporcle when you Go Orange. This ad-free experience offers more features, more stats, and more fun while also helping to support Sporcle. Thank you for becoming a member.

Show Comments

Extras

Top Quizzes Today


Score Distribution

Your Account Isn't Verified!

In order to create a playlist on Sporcle, you need to verify the email address you used during registration. Go to your Sporcle Settings to finish the process.

Report this User

Report this user for behavior that violates our Community Guidelines.

Details: